| 000 | 00900nam a22003017a 4500 | ||
|---|---|---|---|
| 001 | 1407818 | ||
| 003 | OSt | ||
| 005 | 20210426095256.0 | ||
| 008 | 830608t19841983nyu 000 1 eng | ||
| 010 | _a 83048104 | ||
| 020 | _a0394534077 | ||
| 040 |
_aDLC _cDLC _dDLC |
||
| 050 | 0 | 0 |
_aPR6054.E37 _bB4 1984 |
| 080 |
_a821.111 _bD-33 |
||
| 082 | 0 | 0 |
_a823/.914 _219 |
| 100 | 1 |
_aDeighton, Len, _d1929- |
|
| 245 | 1 | 0 |
_aBerlin game / _cby Len Deighton. |
| 250 | _a1st ed. | ||
| 260 |
_aNew York : _bKnopf, _c1984, c1983. |
||
| 300 |
_a345 p. ; _c22 cm. |
||
| 500 | _aSequel: Mexico set. | ||
| 600 | 1 | 0 |
_aSamson, Bernard _c(Fictitious character) _vFiction. |
| 650 | 0 |
_aIntelligence service _zGreat Britain _vFiction. |
|
| 653 | _aინგლისური ლიტერატურა | ||
| 655 | 7 |
_aSpy stories. _2gsafd |
|
| 906 |
_a7 _bcbc _corignew _d1 _eocip _f19 _gy-gencatlg |
||
| 942 |
_2udc _cBK |
||
| 999 |
_c1219 _d1219 |
||